LDR 01047naa#a2200169#i#450# 001 RU\\bibl\120663 005 20260606165232.6 011 ## _a2500-1795 100 ## _a20260525b2026####ek#y0rusy0150####ca 102 ## _aRU 200 1# _aДегуманизация как тактика дискредитации: лексико-семантические средства лишения человеческого статуса _eЖурнальная статья 210 1# _aНижневартовск _cФедеральное государственное бюджетное образовательное учреждение высшего образования Нижневартовский государственный университет _d2026 215 ## _a6 с. 608 ## _aЖурнальная статья _2local 675 ## _aЯзыки естественные и искусственные. 811 _aЕстественные языки. 811.1/.8 _z 700 #1 _aКоростелева _gЛариса Владимировна 856 4# _avestnik.nvsu.ru _u